Pokémon - Les attaques de Gobou - Statistiques

Statistiques générales
  • Ce quiz a été pris 30 fois
  • Le résultat moyen est 8 sur 15
Statistiques - réponses
Niveaux Types Noms des attaques % Correct
Départ Normal Charge
100%
Niveau 3 Eau Pistolet à O
96%
Départ Normal Rugissement
96%
Niveau 39 Eau Hydrocanon
80%
Niveau 21 Roche Éboulement
68%
Niveau 24 Normal Bélier
56%
Niveau 18 Eau Vibraqua
56%
Niveau 9 Roche Jet-Pierres
52%
Niveau 6 Combat Éclate-Roc
48%
Niveau 30 Eau Surf
44%
Niveau 12 Normal Abri
36%
Niveau 27 Psy Amnésie
36%
Niveau 36 Normal Effort
20%
Niveau 33 Normal Grincement
16%
Niveau 15 Normal Ultrason
16%
Aucun quiz correspondant
Distribution des résultats
% des personnes avec chaque résultat
Percentile par nombre de réponses
Votre historique - résultats
Vous n’avez pas pris ce quiz